| 000 | 00656nam a22001931i 4500 | ||
|---|---|---|---|
| 001 | 000030428 | ||
| 003 | RuMoIPM | ||
| 005 | 20260428112759.0 | ||
| 008 | 130417s1960----ur | c rus | ||
| 040 |
_aRuMoIPM _brus _ercr |
||
| 041 | 0 | _arus | |
| 080 | _a51(075.8) | ||
| 100 | 1 | _aМоденов, Петр Сергеевич | |
| 245 | 1 |
_aСборник задач по специальному курсу элементарной математики _b[Для вузов] _cП. С. Моденов |
|
| 250 | _a2-е изд., доп. и испр. | ||
| 260 |
_aМосква _bВысшая школа _c1960 |
||
| 300 |
_a766 с. _bчерт. |
||
| 942 | _cBK | ||
| 999 |
_c30428 _d30428 |
||